000 00512nam a2200193Ia 4500
001 14734
003 GE_BSU
008 181216s||||||||xx |||||||||||||| ||und||
040 _cGE_BSU
080 _aპერიოდიკა
245 _aФармация. №1 2015
245 _cГл. ред.И.А.Самылина
260 _aМосква
260 _c2015
300 _a56стр.29см.
653 _aнаучно-практический журнал.
653 _aФармация.
942 _cCR
999 _c47859
_d47859